00229nam a22000977a 4500082002500000100001200025245002400037300002500061526003700086650000800123 a622bSCOcL-15, P-40 aBoky,B. aMiningcScott, John a753 p, :bill.c18cm a0b0c0d622_000000000000000_SCO aMCE